Statistics for Beatles Lyrics Quiz (Part 011)

Click here to take the quiz!

General Stats

  • This quiz has been taken 124 times
  • The average score is 90 of 161

Answer Stats

Answer% Correct
a
97%
I
97%
the
92%
you,
90%
you
90%
me
84%
to
82%
And
81%
Be
75%
be
75%
it
73%
who
73%
on
72%
want
70%
your
69%
my
68%
Let
66%
all
65%
what
64%
will
64%
I'm
63%
for
62%
no
62%
tell
62%
If
61%
(If
61%
One,
61%
(one,
61%
one
61%
how
60%
four
57%
four)
57%
three,
57%
two,
57%
two
57%
too
56%
Don't
55%
don't
55%
get
53%
I'll
53%
take
51%
you're
51%
Yeah,
49%
some
47%
'Cause
46%
tax
45%
but
44%
(Taxman)
44%
(taxman)
44%
taxman
44%
There's
42%
nineteen
41%
more
40%
ask
39%
walk,
35%
walk)
35%
feet
34%
five
33%
heat
33%
Should
32%
thankful
31%
try
31%
street
30%
seat
29%
working
29%
cold,
28%
cold)
28%
pay
28%
those
28%
Mr.
26%
small
26%
Wilson)
26%
ah,
25%
(Ah,
25%
appear
25%
eyes
25%
percent
25%
sit,
24%
sit)
24%
die
21%
Now
21%
pennies
21%
Heath)
20%
advice
19%
Declare
13%

Score Distribution

Percentile by Number Answered

Percent of People with Each Score

Your Score History

You have not taken this quiz